000 00347nam a2200133Ia 4500
008 240624s9999 xx 000 0 und d
041 _aeng
082 _a381 KAW
100 _aKAWASAKI GUY
245 _aWHAT THE PLUS GOOGLE FOR THE REST OF US
260 _c2013
_aNew Delhi
_bTata McGraw-Hill
300 _ax, : 197 : p. : cm. ; 22
365 _cRS
999 _c24081
_d24081